Cơ học chất lỏng ứng dụng

সংরক্ষণ করুন:
গ্রন্থ-পঞ্জীর বিবরন
প্রধান লেখক: Phạm Văn Vĩnh
বিন্যাস: গ্রন্থ
ভাষা:Undetermined
প্রকাশিত: Hà Nội Giáo Dục 2001
বিষয়গুলি:
ট্যাগগুলো: ট্যাগ যুক্ত করুন
কোনো ট্যাগ নেই, প্রথমজন হিসাবে ট্যাগ করুন!
Thư viện lưu trữ: Trung tâm Học liệu Trường Đại học Cần Thơ
LEADER 00470nam a2200169Ia 4500
001 CTU_41426
008 210402s9999 xx 000 0 und d
082 |a 620.106 
082 |b V312 
100 |a Phạm Văn Vĩnh 
245 0 |a Cơ học chất lỏng ứng dụng 
245 0 |c Phạm Văn Vĩnh 
260 |a Hà Nội 
260 |b Giáo Dục 
260 |c 2001 
650 |a fluid mechanics 
980 |a Trung tâm Học liệu Trường Đại học Cần Thơ